Estadísticas para Máximos goleadores en la historia del Leicester City

Haz click aquí para intentar la prueba.

Estadísticas generales

  • Esta prueba ha sido intentada 8 veces
  • La puntuación promedio es 2 de 10

Estadísticas de respuestas

GolesNacionalidadJugador% Correcto
185InglaterraJamie Vardy
100%
61NigeriaKelechi Iheanacho
50%
62GalesAndy King
13%
58InglaterraGary Lineker
13%
64InglaterraAlan Smith
0%
59InglaterraDavid Nugent
0%
66InglaterraFrank Worthington
0%
62InglaterraKen Keyworth
0%
62InglaterraMatty Fryatt
0%
68InglaterraMike Stringfellow
0%

Distribución de puntuación

Porcentaje por número respondido

Porcentaje de gente con cada puntuación

Historial de tus puntuaciones

No has intentado esta prueba.